Deepest Oceans and Seas Quiz Stats

 Plays Quiz Updated Jun 27, 2018

Score 0/10 Timer 03:00
18 Plays Today
Depth Ocean or Sea % Correct
10,924 metersPacific Ocean
99.3%
9,219 metersAtlantic Ocean
99%
7,455 metersIndian Ocean
96.1%
5,625 metersArctic Ocean
81.3%
4,632 metersMediterranean Sea
62.1%
7,236 metersSouthern Ocean
38.3%
6,946 metersCaribbean Sea
37.3%
5,016 metersSouth China Sea
31.7%
3,787 metersGulf of Mexico
29.4%
4,773 metersBering Sea
23%

You're not logged in!

Compare scores with friends on all Sporcle quizzes.
OR
Log In

Sporcle TV

Today on Sporcle TV


Watch our educational content, quiz creation guides, and fun videos on Sporcle TV.

Show Comments

Extras

Top Quizzes Today


Score Distribution

Your Account Isn't Verified!

In order to create a playlist on Sporcle, you need to verify the email address you used during registration. Go to your Sporcle Settings to finish the process.

Report this User

Report this user for behavior that violates our Community Guidelines.

Details: